| 000 | nam a22 7a 4500 | ||
|---|---|---|---|
| 999 |
_c126645 _d126645 |
||
| 008 | 170811b xxu||||| |||| 00| 0 eng d | ||
| 050 | _aSPC Pl8842.D659 | ||
| 100 |
_aDoke, Clement M. _934749 |
||
| 245 |
_aThe Phonetics of the Zulu Language _cClement M. Doke |
||
| 260 |
_aJohannesburg _bThe University of the Witwatersrand Press _c1926 |
||
| 300 |
_axii, 310p. ; _c24cm. |
||
| 650 |
_aZulu language _xGrammar _922807 |
||
| 942 |
_2lcc _cSPC |
||